书目信息 |
| 题名: |
明代版刻综录
|
|
| 作者: | 杜信孚 纂 | |
| 分册: | 第七册 | |
| 出版信息: | 广陵 江苏广陵古籍刻印社 1983 |
|
| 页数: | 全一册 | |
| 开本: | 20*12cm | |
| 丛书名: | ||
| 单 册: | ||
| 中图分类: | Z832 | |
| 科图分类: | ||
| 主题词: | 目录--类型 | |
| 电子资源: | ||
| ISBN: | ||
| 000 | 00612nam0 2200205 450 | |
| 001 | 0659774609 | |
| 005 | 20061023164322.31 | |
| 010 | @b线装@dCNY52.00 | |
| 100 | @a20061023d1983 km y0chiy0120 ea | |
| 101 | 0 | @achi |
| 200 | 1 | @a明代版刻综录@h第七册@Aming dai ban ke zong lu@f杜信孚纂@Fdu xin fu zuan |
| 210 | @a广陵@c江苏广陵古籍刻印社@d1983 | |
| 215 | @a全一册@d20*12cm | |
| 300 | @a第一至第八册为一函,共一函,附书名索引一卷 | |
| 305 | @a本书为江苏广陵古籍刻印社本,线装 | |
| 606 | 0 | @a目录@x类型 |
| 690 | @aZ832@v3 | |
| 701 | 0 | @a杜信孚@Adu xin fu@4纂 |
| 801 | 0 | @aCN@bPFT@c20061023 |
| 905 | @a10447@dZ832@e11:7 | |
| 明代版刻综录.第七册/杜信孚纂.-广陵:江苏广陵古籍刻印社,1983 |
| 全一册;20*12cm |
| 第一至第八册为一函,共一函,附书名索引一卷 |
| ISBN (线装):CNY52.00 |
| ● |
| 相关链接 |
|
|
|
|
正题名:明代版刻综录
索取号:Z832/11:7
 
预约/预借
| 序号 | 登录号 | 条形码 | 馆藏地/架位号 | 状态 | 备注 |
| 1 | 0222937 | 202374331 | 古籍典藏专区/ [索取号:Z832/11:7] | 在馆 |